• 首页
  • 本馆介绍
  • 公告通知
  • 最新文献
  • 馆藏检索
  • 电子资源
  • 读者导购
  • 参考咨询
  • 我的图书馆
  • 登录
  • 详细信息显示
  • 放入我的书架
  • 预约/预借图书
  • 作者相关作品
  • 分类相关作品
  • 丛书相关作品
  • 出版社相关作品

书目信息

  • 表格格式
  • 工作单格式
  • 卡片格式
题名:
颠沛人生
    
 
作者: 杨占平 著
分册:  
出版信息: 太原   北岳文艺出版社  2015
页数: 235页
开本: 24cm
丛书名: 赵树理研究文丛
单 册:
中图分类: K825.6=73
科图分类:
主题词: 作家--zuo jia--传记--中国--现代
电子资源:
ISBN: 978-7-5378-4460-4
000 01066nam0 22002771 450
001 0115101150
005 20170415101150.0
010    @a978-7-5378-4460-4@dCNY36.00
100    @a20151107d2015 em y0chiy50 ea
101 0  @achi
102    @aCN@b140000
105    @ay z 000y
106    @ar
200 1  @a颠沛人生@Adian pei ren sheng@e赵树理传@f杨占平著
210    @a太原@c北岳文艺出版社@d2015
215    @a235页@d24cm
225 2  @a赵树理研究文丛@Azhao shu li yan jiu wen cong@h第一辑
330    @a本书分为萍草一样的漂泊、在太行山怀抱里、京都里的乡下人、无奈的“铁笔”“圣手”、终于没有等到“最后洗牌的时候”五章,主要包括:“输了才接近他”、“负不了这样的大责!”、“染了我好多同事的血!”、“我是颇懂一点鲁迅笔法的!”等。
461  0 @12001 @a赵树理研究文丛@h第一辑
517 1  @a赵树理传@Azhao shu li chuan
600  0 @a赵树理,@Azhao shu li ,@f1906-1970@x传记
606 0  @a作家@Azuo jia@x传记@y中国@z现代
690    @aK825.6=73@v5
701  0 @a杨占平@Ayang zhan ping@4著
801  0 @aCN@bTANGWEI@c20170308
905    @b0965115-8@dK825.6=73@e892@f4
    
    颠沛人生:赵树理传/杨占平著.-太原:北岳文艺出版社,2015
    235页;24cm.-(赵树理研究文丛.第一辑)
    
    
    ISBN 978-7-5378-4460-4:CNY36.00
    本书分为萍草一样的漂泊、在太行山怀抱里、京都里的乡下人、无奈的“铁笔”“圣手”、终于没有等到“最后洗牌的时候”五章,主要包括:“输了才接近他”、“负不了这样的大责!”、“染了我好多同事的血!”、“我是颇懂一点鲁迅笔法的!”等。
●
相关链接 在E读中查询图书 在五车中查询图书 在当当中查询图书 在豆瓣中查询图书


正题名:颠沛人生     索取号:K825.6=73/892         预约/预借

序号 登录号 条形码 馆藏地/架位号 状态 备注
1 0965115   209651152   第二样本阅览室/ [索取号:K825.6=73/892] 在馆    
2 0965116   209651161   第二借阅区/ [索取号:K825.6=73/892] 在馆    
3 0965117   209651170   第二借阅区/ [索取号:K825.6=73/892] 在馆    
4 0965118   209651189   第二借阅区/ [索取号:K825.6=73/892] 在馆    
唐山师范学院图书馆 欢迎您!
大连网信软件有限公司© 版权所有